Quizzes
Events
Quiz Creation
Community
Videos
Private Events
Remove Ads
Sign In
Join for FREE
Feedback
Dark Mode
Quiz Categories
Sports
Geography
Music
Movies
Television
Just For Fun
Miscellaneous
History
Literature
Language
Science
Gaming
Entertainment
Religion
Holiday
For Kids
Quiz Lab
Recent
Popular Today
Quiz Kudos Today
Editor Picks
Curator Picks
Quizzes by...
Day
Popularity
Type
Ratings
Length
Year
Community
Subscriptions
Recent Discussions
Orange Saloon
Badges
Playlists
Quests
Create
Leaderboards
Showdown
Live 5
Trivia Bingo
Activity
Puzzle Library
Sporcle Events
Private Events
Virtual Trivia
Globe League
Become a Host
Pub Owners
SporcleCon
Opinionation
Our Games
Videos
Blog
Mobile Apps
Partnerships
Remove Ads and Go Orange
Feedback
Literature
Harry Potter
A Song of Ice and Fire
The Hunger Games
Literary Character
Shakespeare
Book
Author
Novel
Poem
Young Adult
Children's Books
Play
Lord of the Rings
Literature
Harry Potter
A Song of Ice and Fire
The Hunger Games
Literary Character
Shakespeare
Book
Author
Novel
Poem
Young Adult
Children's Books
Play
Lord of the Rings
Random Quiz
Search Sporcle
×
Editor Pick
Editor Pick
Literature
Christianity
Type in answers that appear in a list
Type in answers that appear in a list
Classic
Best Score? Go Orange.
Hans Christian Andersen Fairytales Stats
Can you name the Hans Christian Andersen Fairytales?
By
silencewall
10m
30 Questions
804 Plays
804 Plays
804 Plays
Comments
Comments
Give Quiz Kudos
Give Quiz Kudos
-
- Ratings
hide this ad
More Info
Replay
Link that replays current quiz
Next Quiz
Link to next quiz in quiz playlist
You Got
0%
They Got
Avg Score
36%
Avg Friend Score
Upgrade to see
Score Distribution
Jump to the score distribution portion of the page
Score
0/30
Timer
10:00
0
Plays Today
Year
Fairytale
% Correct
1836
The Little Mermaid
85.2%
1844
The Ugly Duckling
65.1%
1835
Thumbelina
55.5%
1845
The Snow Queen
51.4%
1846
The Little Match-Seller
49.1%
1835
The Princess and the Pea
48.6%
1837
The Emperor's New Suit
45.6%
1845
The Red Shoes
41%
1835
The Tinder-Box
38.7%
1838
The Steadfast Tin Soldier
38.2%
1844
The Nightingale
35.5%
1838
The Wild Swans
34.4%
1845
The Fir Tree
31.9%
1835
Little Claus and Big Claus
31.8%
1842
The Swineherd
30.8%
Year
Fairytale
% Correct
1838
The Flying Trunk
30.6%
1835
Little Ida's Flowers
29.9%
1838
The Storks
29.6%
1835
The Travelling Companion
28.9%
1848
The Old House
28.8%
1847
The Shadow
28.6%
1845
The Shepherdess and the Sweep
28.4%
1838
The Garden of Paradise
27.9%
1844
The Top and Ball
27.8%
1848
The Happy Family
27%
1846
The Darning-Needle
26.8%
1845
The Elfin Hill
26.5%
1842
The Buckwheat
26.2%
1848
The Shirt-Collar
26.2%
1842
Ole-Luk-Oie, the Dream-God
24.7%
Quiz Playlist
Details
Report
Send in Message
Add To Playlist
More Info:
30 most popular stories accordng to my source. Other stories are bonuses.
Classic:
Type in answers that appear in a list
Quiz Source
Last Updated: Feb 16, 2017
Editor Pick in
Literature
Quiz Scoreboard
CHALLENGE
Sign Up to Join the Scoreboard
Show All
Scores
Hide
Comments
May contain spoilers
Recently Published
9x9 Crossword: Cartoon Network
by jackfrog10
Miscellaneous
3m
College Basketball Coaching Resumes
by pancakes188
Sports
9m
Billboard Blitz: Fleetwood Mac
by CooCooCachoo
Music
15s
More to Explore
Quiz From the Vault
Featured Blog Post
Where Did the Easter Bunny Come From?
hide this ad
You Might Also Like...
Tags
Children's Books Quiz
Christianity Quiz
Andersen
Christian
Fairy Tale
han
Hans Christian Andersen
The Little Mermaid
Today's Top Quizzes in Literature
Browse Literature
hide this ad
Today's Top Quizzes in Christianity
Browse Christianity
Top Contributed Quizzes in Literature
1
Sneaky Slytherin Logic Puzzle
2
Get The Picture: Black or White Literature
3
5-to-1: Plays
4
A Court of Thorns and Roses (ACoTaR) Logic Puzzle
5
One Thing in Common: Literature
6
One Thing in Common: Literature 3
7
One Thing in Common: Literature II
8
One Thing in Common: Books
9
Literary Siblings Odd One Out III
10
Harry Potter Neighbourly Logic Puzzle #1
Explore More
Trending Topics
Crossword
Anime
NBA
Marvel
Kpop
Disney
Harry Potter
Song
Pokémon
The Office
NFL
Soccer
Country
WWE
Puzzle
hide this ad
More By:
silencewall
Quiz
Plays
Rating
Category
Featured
Created
Deaths in Lord of the Rings (films)
5,774
4.05
Movies
Oct 15, 2010
Sailor Moon Theme Song
4,951
4.94
Television
Oct 31, 2010
Sailor Moon Quiz
3,903
3.00
Television
Jul 11, 2010
Bleach Quotes
3,266
4.83
Television
Jul 16, 2010
Harry Potter Characters' Middle Names
2,083
4.29
Literature
Jun 23, 2010
Go to Creator's Profile
Score Distribution
Quiz Creator Spotlight
silencewall
Follow
Send a Message
Quizzes Created
-
Created Quiz Play Count
-
More By This Creator
Popular Quizzes Today
1
Find the US States - No Outlines Minefield
2
Find the Countries of Europe - No Outlines Minefield
3
The Countries of the World
4
Find the US States
5
Risky Map Clicking: Biggest States A-Z
6
US States
7
Popular People in 1961
8
Movies - When Are They Set?
More Literature Quizzes
Authors on the Big and Small Screens
Editor's Pick
Trending Quizzes
Risky Map Clicking: Least Populous States A-Z
1-10 Letter G Words
1-10 Letter F Words
Risky Map Clicking: Next State Alphabetically
Adjectives in 80s TV Shows
Recently Updated
Leaping Animals
pecheneg
Reality TV Shows (A-Z)
bhenderson79
Rickey Henderson's Hall of Fame Teammates
pecheneg
Champions League XIs: Arsenal
pecheneg
Quick Pick: Celebrities in WWE's Hall of Fame
aduchscher
A-Z Keypad Blitz II
pecheneg
Multiple Oscar Actors
pecheneg
Mystery Phrase Blitz: Oscar 'Best Actors'
pecheneg
F. Scott Fitzgerald Novels
LTH
Pick 3 Villains
ddd62291
Trending Topics
Crossword
Harry Potter
Kpop
Anime
Disney
NBA
Marvel
Puzzle
Song
Pokémon
WWE
The Office
NFL
Soccer
Country
Your Account Isn't Verified!
In order to create a playlist on Sporcle, you need to verify the email address you used during registration. Go to your
Sporcle Settings
to finish the process.
Report this User
Report this user for behavior that violates our
Community Guidelines
.
Details:
Send Report
Go to the Sporcle.com Mobile Site →
Comments